Представление документа в формате MARC21

Поле Инд. ПП Название Значение
Тип записи a
Библиографический уровень b
001 Контрольный номер RU/IS/BASE/155914199
005 Дата корректировки 20200630193306.0
008 Кодируемые данные 20041209
084 a Индекс другой классификации/Индекс ББК 60.51(4Гем)-2
100 1_ a Автор Козловский В. В.
245 a Заглавие Актуальность социологии Макса Вебера
600 a Персоналии Вебер Макс
650 a Основная рубрика история социологии
a Основная рубрика социология
653 a Ключевые слова XIX век
a Ключевые слова Германия
a Ключевые слова классическая социология
a Ключевые слова социологические школы
700 a Автор Шпакова Р. П.
q Полное имя Шпакова Римма Павловна
700 a Автор Эттрих Ф.
q Полное имя Эттрих Франк
773 t Заглавие источника Журнал социологии и социальной антропологии
d Дата издания источника 2004
g Прочая информация Т. VII, № 2. - С. 5 - 7
w Контрольный № источника RU/IS/BASE/155659868
901 t Тип документа b